[Event "MSR_ch20"]
[Site "?"]
[Date "2024.04.06"]
[Round "2.1"]
[White "Bulej, Matej"]
[Black "Bochnicka, Vladimir"]
[Result "0-1"]
[BlackElo "2421"]
[WhiteElo "2067"]
[LiveChessVersion "1.4.8"]

1. d4 {[%clk 1:30:58]} Nf6 {[%clk 1:30:43]} 2. Nf3 {[%clk 1:31:26]} c5
{[%clk 1:31:01]} 3. c3 {[%clk 1:31:49]} d5 {[%clk 1:27:48]} 4. Bf4
{[%clk 1:31:25]} Nc6 {[%clk 1:28:01]} 5. e3 {[%clk 1:31:43]} Qb6 {[%clk 1:27:55]}
6. Qc1 {[%clk 1:21:02]} Bf5 {[%clk 1:21:35]} 7. Nbd2 {[%clk 1:20:09]} h6
{[%clk 1:19:42]} 8. h3 {[%clk 1:14:41]} e6 {[%clk 1:19:54]} 9. Be2
{[%clk 1:14:26]} Be7 {[%clk 1:18:27]} 10. O-O {[%clk 1:14:23]} O-O
{[%clk 1:18:41]} 11. Re1 {[%clk 1:10:15]} Rfc8 {[%clk 1:07:21]} 12. Ne5
{[%clk 1:08:30]} cxd4 {[%clk 1:03:59]} 13. Nxc6 {[%clk 1:06:40]} bxc6
{[%clk 1:04:16]} 14. exd4 {[%clk 1:06:20]} c5 {[%clk 1:03:58]} 15. Nf3
{[%clk 1:03:41]} a5 {[%clk 0:49:23]} 16. Bd1 {[%clk 0:58:38]} Bh7
{[%clk 0:40:05]} 17. dxc5 {[%clk 0:40:32]} Bxc5 {[%clk 0:40:01]} 18. Be3
{[%clk 0:40:49]} Bxe3 {[%clk 0:33:53]} 19. Rxe3 {[%clk 0:39:39]} Rab8
{[%clk 0:34:06]} 20. Re2 {[%clk 0:34:22]} Bd3 {[%clk 0:30:54]} 21. Re3
{[%clk 0:34:10]} Be4 {[%clk 0:25:05]} 22. b3 {[%clk 0:32:44]} Rc7
{[%clk 0:23:41]} 23. Qd2 {[%clk 0:28:34]} Rbc8 {[%clk 0:23:11]} 24. Rc1
{[%clk 0:27:48]} Qd6 {[%clk 0:15:13]} 25. Nd4 {[%clk 0:16:43]} Qf4
{[%clk 0:11:18]} 26. f3 {[%clk 0:08:50]} Bg6 {[%clk 0:10:42]} 27. Nb5
{[%clk 0:07:39]} Rc5 {[%clk 0:10:37]} 28. a4 {[%clk 0:05:01]} e5 {[%clk 0:10:03]}
29. Ra1 {[%clk 0:04:37]} Nh5 {[%clk 0:05:01]} 30. Qe1 {[%clk 0:02:37]} d4
{[%clk 0:04:41]} 31. cxd4 {[%clk 0:02:38]} exd4 {[%clk 0:04:58]} 32. Re8+
{[%clk 0:02:25]} Rxe8 {[%clk 0:05:19]} 33. Qxe8+ {[%clk 0:02:51]} Kh7
{[%clk 0:05:44]} 34. Qd8 {[%clk 0:01:58]} Qe3+ {[%clk 0:05:29]} 35. Kh2
{[%clk 0:02:07]} Qe5+ {[%clk 0:05:52]} 36. Kg1 {[%clk 0:02:17]} Qe1+
{[%clk 0:05:37]} 37. Kh2 {[%clk 0:02:43]} Rg5 {[%clk 0:05:05]} 38. Qd6
{[%clk 0:02:26]} Ng3 {[%clk 0:05:15]} 0-1

[Event "MSR_ch20"]
[Site "?"]
[Date "2024.04.06"]
[Round "2.2"]
[White "Turcan, Richard"]
[Black "Rakovsky, Jakub"]
[Result "1-0"]
[BlackElo "2069"]
[WhiteElo "2365"]
[LiveChessVersion "1.4.8"]

1. e4 {[%clk 1:30:58]} e5 {[%clk 1:30:35]} 2. Nf3 {[%clk 1:31:21]} Nc6
{[%clk 1:30:50]} 3. Bb5 {[%clk 1:31:30]} a6 {[%clk 1:31:01]} 4. Ba4
{[%clk 1:31:54]} Bc5 {[%clk 1:31:05]} 5. O-O {[%clk 1:30:34]} Nge7
{[%clk 1:31:11]} 6. c3 {[%clk 1:22:20]} Ba7 {[%clk 1:31:27]} 7. d4
{[%clk 1:21:28]} Ng6 {[%clk 1:31:09]} 8. Bg5 {[%clk 1:13:54]} f6 {[%clk 1:29:16]}
9. Be3 {[%clk 1:14:12]} O-O {[%clk 1:27:11]} 10. d5 {[%clk 1:09:11]} Nce7
{[%clk 1:24:58]} 11. d6 {[%clk 1:06:00]} cxd6 {[%clk 1:25:03]} 12. Qxd6
{[%clk 1:04:43]} Bb8 {[%clk 1:23:57]} 13. Bb3+ {[%clk 1:01:44]} Kh8
{[%clk 1:23:47]} 14. Qd3 {[%clk 1:00:11]} d6 {[%clk 1:22:33]} 15. Na3
{[%clk 0:52:47]} f5 {[%clk 1:10:42]} 16. Rad1 {[%clk 0:46:04]} f4
{[%clk 0:55:47]} 17. Bc5 {[%clk 0:43:11]} Bg4 {[%clk 0:46:54]} 18. Nc4
{[%clk 0:38:52]} Nc8 {[%clk 0:42:59]} 19. Rd2 {[%clk 0:29:43]} Bxf3
{[%clk 0:38:14]} 20. Qxf3 {[%clk 0:29:20]} Qf6 {[%clk 0:18:24]} 21. Ba3
{[%clk 0:27:30]} Bc7 {[%clk 0:15:15]} 22. Rfd1 {[%clk 0:26:51]} Rd8
{[%clk 0:15:24]} 23. Rd3 {[%clk 0:26:46]} b5 {[%clk 0:13:53]} 24. Nd2
{[%clk 0:27:01]} Rb8 {[%clk 0:11:57]} 25. Bd5 {[%clk 0:25:01]} Nce7
{[%clk 0:09:03]} 26. Qg4 {[%clk 0:24:17]} a5 {[%clk 0:08:16]} 27. b3
{[%clk 0:24:39]} b4 {[%clk 0:07:47]} 28. Bb2 {[%clk 0:24:30]} Bb6
{[%clk 0:07:13]} 29. Be6 {[%clk 0:21:46]} f3 {[%clk 0:03:51]} 30. Rxf3
{[%clk 0:22:10]} Nf4 {[%clk 0:04:03]} 31. cxb4 {[%clk 0:20:05]} h5
{[%clk 0:01:00]} 32. Qxf4 {[%clk 0:17:39]} Qxf4 {[%clk 0:01:22]} 33. Rxf4
{[%clk 0:18:05]} exf4 {[%clk 0:01:48]} 34. bxa5 {[%clk 0:16:15]} Bxa5
{[%clk 0:01:50]} 35. Nf3 {[%clk 0:14:25]} Ng8 {[%clk 0:00:39]} 36. Rd5
{[%clk 0:14:24]} 1-0

[Event "MSR_ch20"]
[Site "?"]
[Date "2024.04.06"]
[Round "2.4"]
[White "Petrek, Dominik"]
[Black "Salgovic, Simon"]
[Result "1-0"]
[BlackElo "2059"]
[WhiteElo "2249"]
[LiveChessVersion "1.4.8"]

1. d4 {[%clk 1:30:52]} Nf6 {[%clk 1:29:55]} 2. c4 {[%clk 1:31:15]} e6
{[%clk 1:28:31]} 3. Nf3 {[%clk 1:30:30]} Bb4+ {[%clk 1:28:16]} 4. Nbd2
{[%clk 1:30:08]} O-O {[%clk 1:23:26]} 5. a3 {[%clk 1:30:18]} Be7 {[%clk 1:23:35]}
6. e4 {[%clk 1:30:31]} d5 {[%clk 1:21:11]} 7. e5 {[%clk 1:30:39]} Nfd7
{[%clk 1:10:54]} 8. Bd3 {[%clk 1:30:43]} c5 {[%clk 1:10:24]} 9. h4
{[%clk 1:30:48]} f5 {[%clk 1:04:25]} 10. b4 {[%clk 1:10:14]} cxd4
{[%clk 0:28:01]} 11. cxd5 {[%clk 0:59:40]} exd5 {[%clk 0:27:10]} 12. Qc2
{[%clk 0:44:12]} Kh8 {[%clk 0:14:06]} 13. Nb3 {[%clk 0:41:40]} Nc6
{[%clk 0:09:33]} 14. Bf4 {[%clk 0:40:11]} Re8 {[%clk 0:07:18]} 15. Kf1
{[%clk 0:39:32]} Nf8 {[%clk 0:06:49]} 16. Bg3 {[%clk 0:36:53]} Qb6
{[%clk 0:03:25]} 17. b5 {[%clk 0:25:41]} Na5 {[%clk 0:03:36]} 18. Nbxd4
{[%clk 0:25:55]} Bc5 {[%clk 0:00:50]} 19. Ne2 {[%clk 0:22:51]} Bd7
{[%clk 0:00:56]} 20. a4 {[%clk 0:22:08]} Rac8 {[%clk 0:01:10]} 21. Qb1
{[%clk 0:22:06]} Nc4 {[%clk 0:00:42]} 22. h5 {[%clk 0:15:37]} Ne6
{[%clk 0:00:53]} 23. Bxf5 {[%clk 0:11:48]} Ng5 {[%clk 0:00:58]} 24. Ra2
{[%clk 0:08:38]} Nxf3 {[%clk 0:00:33]} 25. gxf3 {[%clk 0:09:02]} Bxf5
{[%clk 0:00:37]} 26. Qxf5 {[%clk 0:09:30]} Rf8 {[%clk 0:00:32]} 27. Qd3
{[%clk 0:07:45]} Rcd8 {[%clk 0:00:31]} 28. Kg2 {[%clk 0:06:11]} Qh6
{[%clk 0:00:32]} 29. Rh4 {[%clk 0:05:44]} Qg5 {[%clk 0:00:32]} 30. f4
{[%clk 0:04:23]} Qf5 {[%clk 0:00:34]} 31. Qc2 {[%clk 0:03:45]} b6
{[%clk 0:00:32]} 32. h6 {[%clk 0:03:35]} Qxc2 {[%clk 0:30:30]} 1-0

[Event "MSR_ch20"]
[Site "?"]
[Date "2024.04.06"]
[Round "2.5"]
[White "Straka, Simon"]
[Black "Rak, Martin"]
[Result "0-1"]
[BlackElo "2221"]
[WhiteElo "2025"]
[LiveChessVersion "1.4.8"]

1. c4 {[%clk 1:30:48]} e6 {[%clk 1:30:25]} 2. Nf3 {[%clk 1:29:57]} d5
{[%clk 1:29:35]} 3. g3 {[%clk 1:29:57]} Nf6 {[%clk 1:29:33]} 4. Bg2
{[%clk 1:30:18]} Be7 {[%clk 1:27:00]} 5. O-O {[%clk 1:30:06]} O-O
{[%clk 1:27:18]} 6. b3 {[%clk 1:28:50]} b6 {[%clk 1:26:38]} 7. Bb2
{[%clk 1:29:13]} Bb7 {[%clk 1:26:41]} 8. e3 {[%clk 1:28:34]} Nbd7
{[%clk 1:26:12]} 9. d4 {[%clk 1:27:41]} Ne4 {[%clk 1:21:54]} 10. Nfd2
{[%clk 1:19:58]} Ndf6 {[%clk 1:17:24]} 11. Nxe4 {[%clk 0:44:49]} Nxe4
{[%clk 1:14:47]} 12. Nc3 {[%clk 0:44:26]} Nxc3 {[%clk 1:08:37]} 13. Bxc3
{[%clk 0:44:51]} Rb8 {[%clk 1:04:55]} 14. Rc1 {[%clk 0:41:19]} dxc4
{[%clk 0:59:52]} 15. bxc4 {[%clk 0:40:01]} Bxg2 {[%clk 0:51:46]} 16. Kxg2
{[%clk 0:40:11]} Qd7 {[%clk 0:51:18]} 17. Qg4 {[%clk 0:33:16]} f5
{[%clk 0:45:33]} 18. Qe2 {[%clk 0:29:25]} Rbd8 {[%clk 0:39:19]} 19. Rcd1
{[%clk 0:16:30]} Qc6+ {[%clk 0:34:10]} 20. Kg1 {[%clk 0:14:47]} b5
{[%clk 0:33:42]} 21. Rc1 {[%clk 0:10:18]} b4 {[%clk 0:32:51]} 22. Ba1
{[%clk 0:10:24]} Qa6 {[%clk 0:28:33]} 23. Qc2 {[%clk 0:08:34]} Rf7
{[%clk 0:21:39]} 24. d5 {[%clk 0:03:56]} Bc5 {[%clk 0:20:15]} 25. Rcd1
{[%clk 0:01:22]} Rfd7 {[%clk 0:18:03]} 26. Qb3 {[%clk 0:00:41]} exd5
{[%clk 0:16:04]} 27. cxd5 {[%clk 0:00:53]} Bd6 {[%clk 0:15:54]} 28. Rd2
{[%clk 0:00:47]} Re7 {[%clk 0:15:26]} 29. Rfd1 {[%clk 0:01:03]} Rde8
{[%clk 0:15:19]} 30. Qd3 {[%clk 0:00:58]} Qc8 {[%clk 0:15:18]} 31. Bd4
{[%clk 0:00:45]} a5 {[%clk 0:14:10]} 32. Qb5 {[%clk 0:00:41]} f4 {[%clk 0:12:52]}
33. exf4 {[%clk 0:00:33]} Re1+ {[%clk 0:12:58]} 34. Kg2 {[%clk 0:00:33]} Qf5
{[%clk 0:12:48]} 35. Rxe1 {[%clk 0:00:37]} Rxe1 {[%clk 0:13:13]} 36. Qd3
{[%clk 0:00:32]} Qxd5+ {[%clk 0:13:19]} 37. f3 {[%clk 0:00:36]} Bf8
{[%clk 0:09:47]} 38. Kf2 {[%clk 0:00:35]} Rh1 {[%clk 0:08:33]} 39. Kg2
{[%clk 0:00:47]} Rc1 {[%clk 0:08:41]} 40. Qe2 {[%clk 0:00:40]} Qf5
{[%clk 0:06:25]} 41. Bb2 {[%clk 0:12:29]} Rc5 {[%clk 0:31:53]} 42. Be5
{[%clk 0:08:46]} a4 {[%clk 0:28:02]} 43. Qd1 {[%clk 0:08:32]} a3 {[%clk 0:26:31]}
44. Qb3+ {[%clk 0:05:39]} Qf7 {[%clk 0:26:38]} 45. Qd3 {[%clk 0:02:24]} c6
{[%clk 0:22:38]} 46. Qa6 {[%clk 0:00:38]} Rd5 {[%clk 0:19:57]} 47. Rc2
{[%clk 0:00:37]} c5 {[%clk 0:19:34]} 48. g4 {[%clk 0:00:33]} Qd7 {[%clk 0:17:47]}
49. Kg3 {[%clk 0:00:32]} Rd1 {[%clk 0:17:29]} 50. Qc4+ {[%clk 0:00:32]} Qf7
{[%clk 0:16:29]} 51. Qe2 {[%clk 0:00:31]} Qd5 {[%clk 0:16:31]} 52. Qa6
{[%clk 0:00:34]} Rd3 {[%clk 0:16:24]} 53. Rf2 {[%clk 0:00:34]} c4
{[%clk 0:16:29]} 54. g5 {[%clk 0:00:32]} b3 {[%clk 0:15:20]} 55. axb3
{[%clk 0:00:38]} cxb3 {[%clk 0:15:40]} 56. Qb6 {[%clk 0:00:32]} b2
{[%clk 0:15:09]} 0-1

[Event "MSR_ch20"]
[Site "?"]
[Date "2024.04.06"]
[Round "2.6"]
[White "Compel, Daniel"]
[Black "Bidulsky, Matej"]
[Result "1-0"]
[BlackElo "2041"]
[WhiteElo "2220"]
[LiveChessVersion "1.4.8"]

1. e4 {[%clk 1:30:57]} c5 {[%clk 1:30:54]} 2. Nf3 {[%clk 1:31:18]} Nc6
{[%clk 1:31:19]} 3. Bb5 {[%clk 1:31:31]} a6 {[%clk 1:31:30]} 4. Bxc6
{[%clk 1:31:56]} bxc6 {[%clk 1:31:56]} 5. O-O {[%clk 1:32:19]} g6
{[%clk 1:30:58]} 6. Re1 {[%clk 1:25:35]} Bg7 {[%clk 1:30:51]} 7. Nc3
{[%clk 1:21:49]} d5 {[%clk 1:28:26]} 8. d3 {[%clk 1:21:01]} Rb8 {[%clk 1:24:37]}
9. h3 {[%clk 1:14:15]} Qa5 {[%clk 1:16:22]} 10. exd5 {[%clk 1:08:26]} cxd5
{[%clk 1:16:30]} 11. Nxd5 {[%clk 1:04:40]} Bxb2 {[%clk 1:13:15]} 12. Bxb2
{[%clk 0:51:08]} Rxb2 {[%clk 1:10:55]} 13. Qe2 {[%clk 0:50:27]} Qa4
{[%clk 1:00:20]} 14. Qe5 {[%clk 0:49:34]} Qxc2 {[%clk 1:00:44]} 15. Rf1
{[%clk 0:45:51]} f6 {[%clk 1:01:08]} 16. Qc7 {[%clk 0:44:45]} Bb7
{[%clk 0:48:26]} 17. Nxe7 {[%clk 0:37:58]} 1-0

[Event "MSR_ch20"]
[Site "?"]
[Date "2024.04.06"]
[Round "2.7"]
[White "Paluska, Karol"]
[Black "Stevik, Patrik"]
[Result "0-1"]
[BlackElo "2213"]
[WhiteElo "2015"]
[LiveChessVersion "1.4.8"]

1. Nf3 {[%clk 1:30:51]} d5 {[%clk 1:30:56]} 2. d4 {[%clk 1:24:51]} c5
{[%clk 1:31:25]} 3. dxc5 {[%clk 1:22:45]} Nf6 {[%clk 1:31:44]} 4. Bf4
{[%clk 1:13:22]} e6 {[%clk 1:28:13]} 5. e3 {[%clk 1:11:31]} Bxc5 {[%clk 1:27:57]}
6. Bb5+ {[%clk 1:11:59]} Nc6 {[%clk 1:24:12]} 7. Ne5 {[%clk 1:06:52]} Qb6
{[%clk 1:23:43]} 8. Nc3 {[%clk 0:41:21]} Bb4 {[%clk 1:21:59]} 9. O-O
{[%clk 0:32:33]} Bxc3 {[%clk 1:19:44]} 10. Bxc6+ {[%clk 0:32:55]} bxc6
{[%clk 1:20:07]} 11. bxc3 {[%clk 0:33:20]} Ba6 {[%clk 1:19:44]} 12. Re1
{[%clk 0:32:45]} O-O {[%clk 1:18:23]} 13. Rb1 {[%clk 0:32:11]} Qa5
{[%clk 1:17:25]} 14. Nxc6 {[%clk 0:29:43]} Qxc3 {[%clk 1:17:38]} 15. Nd4
{[%clk 0:29:26]} Rfe8 {[%clk 1:13:52]} 16. Rb3 {[%clk 0:21:31]} Qc5
{[%clk 1:10:47]} 17. Nf3 {[%clk 0:13:26]} Rec8 {[%clk 1:06:17]} 18. c3
{[%clk 0:11:03]} Ne4 {[%clk 1:03:08]} 19. Ne5 {[%clk 0:01:49]} f6
{[%clk 0:59:45]} 20. Nd3 {[%clk 0:02:01]} Bxd3 {[%clk 0:59:09]} 21. Qxd3
{[%clk 0:02:30]} e5 {[%clk 0:59:11]} 22. Bg3 {[%clk 0:02:44]} Nxc3
{[%clk 0:59:23]} 23. Qa6 {[%clk 0:02:46]} Rc6 {[%clk 0:59:07]} 24. Qb7
{[%clk 0:02:55]} Rac8 {[%clk 0:59:08]} 25. h4 {[%clk 0:02:30]} Nxa2
{[%clk 0:54:59]} 26. h5 {[%clk 0:01:53]} h6 {[%clk 0:55:12]} 27. Rb5
{[%clk 0:01:11]} Qc4 {[%clk 0:55:04]} 28. Ra5 {[%clk 0:01:05]} Nc3
{[%clk 0:50:13]} 29. Qd7 {[%clk 0:00:38]} a6 {[%clk 0:49:27]} 30. Kh2
{[%clk 0:00:35]} d4 {[%clk 0:45:49]} 31. exd4 {[%clk 0:00:41]} Qxd4
{[%clk 0:46:17]} 32. Qf5 {[%clk 0:00:49]} Nd5 {[%clk 0:45:50]} 33. Re4
{[%clk 0:00:38]} Qd1 {[%clk 0:45:59]} 34. Rg4 {[%clk 0:00:33]} Ne7
{[%clk 0:46:07]} 35. Qf3 {[%clk 0:00:31]} Qe1 {[%clk 0:45:15]} 36. Qb3+
{[%clk 0:00:41]} Kf8 {[%clk 0:45:19]} 37. Qb4 {[%clk 0:00:38]} Qd1
{[%clk 0:43:43]} 38. Rxg7 {[%clk 0:00:36]} Qxh5+ {[%clk 0:43:57]} 39. Bh4
{[%clk 0:00:42]} Kxg7 {[%clk 0:44:19]} 40. Qxe7+ {[%clk 0:01:10]} Qf7
{[%clk 0:44:39]} 0-1

[Event "MSR_ch20"]
[Site "?"]
[Date "2024.04.06"]
[Round "2.8"]
[White "Brnusak, Tomas"]
[Black "Koska, Jiri"]
[Result "1-0"]
[BlackElo "2024"]
[WhiteElo "2192"]
[LiveChessVersion "1.4.8"]

1. c4 {[%clk 1:30:47]} g6 {[%clk 1:30:43]} 2. g3 {[%clk 1:31:06]} Bg7
{[%clk 1:31:00]} 3. Bg2 {[%clk 1:31:09]} c5 {[%clk 1:31:17]} 4. Nc3
{[%clk 1:31:16]} Nc6 {[%clk 1:31:41]} 5. Nf3 {[%clk 1:31:34]} e5 {[%clk 1:31:23]}
6. O-O {[%clk 1:31:23]} Nge7 {[%clk 1:31:35]} 7. d3 {[%clk 1:30:28]} d6
{[%clk 1:31:36]} 8. a3 {[%clk 1:30:36]} a5 {[%clk 1:28:41]} 9. Ne1
{[%clk 1:28:56]} O-O {[%clk 1:24:30]} 10. Nc2 {[%clk 1:26:41]} Bd7
{[%clk 1:17:12]} 11. Rb1 {[%clk 1:25:22]} Rb8 {[%clk 1:07:44]} 12. b4
{[%clk 1:09:15]} axb4 {[%clk 0:59:29]} 13. axb4 {[%clk 1:07:09]} b6
{[%clk 0:59:08]} 14. b5 {[%clk 1:05:21]} Nd4 {[%clk 0:57:53]} 15. Ne3
{[%clk 1:05:16]} Ne6 {[%clk 0:48:16]} 16. Ra1 {[%clk 1:01:17]} Nc7
{[%clk 0:45:23]} 17. Ra7 {[%clk 0:56:53]} Nc8 {[%clk 0:40:18]} 18. Rb7
{[%clk 0:49:39]} Rxb7 {[%clk 0:32:09]} 19. Bxb7 {[%clk 0:49:38]} Ne7
{[%clk 0:32:28]} 20. Qa4 {[%clk 0:49:46]} Qb8 {[%clk 0:31:11]} 21. Bg2
{[%clk 0:50:10]} Bc8 {[%clk 0:30:03]} 22. Bd2 {[%clk 0:46:08]} Bb7
{[%clk 0:28:40]} 23. Ra1 {[%clk 0:46:31]} Bxg2 {[%clk 0:28:35]} 24. Nxg2
{[%clk 0:46:53]} Qb7 {[%clk 0:20:31]} 25. Qa7 {[%clk 0:45:37]} Rb8
{[%clk 0:19:05]} 26. Qxb7 {[%clk 0:35:38]} Rxb7 {[%clk 0:19:34]} 27. Ra2
{[%clk 0:33:21]} f6 {[%clk 0:08:55]} 28. Ne3 {[%clk 0:30:13]} f5 {[%clk 0:07:55]}
29. Nf1 {[%clk 0:24:16]} Kf7 {[%clk 0:08:10]} 30. e4 {[%clk 0:23:34]} Ke6
{[%clk 0:07:22]} 31. Kg2 {[%clk 0:23:15]} h6 {[%clk 0:07:12]} 32. h4
{[%clk 0:23:30]} Kf7 {[%clk 0:06:06]} 33. f3 {[%clk 0:22:52]} Ke6
{[%clk 0:04:00]} 34. Ra3 {[%clk 0:20:15]} fxe4 {[%clk 0:03:23]} 35. dxe4
{[%clk 0:20:09]} Kd7 {[%clk 0:02:18]} 36. Ne3 {[%clk 0:19:33]} Ke6
{[%clk 0:02:29]} 37. Ned5 {[%clk 0:17:44]} Nexd5 {[%clk 0:02:48]} 38. exd5+
{[%clk 0:18:08]} Ke7 {[%clk 0:01:12]} 39. Ne4 {[%clk 0:18:27]} Ne8
{[%clk 0:01:23]} 40. Ra8 {[%clk 0:18:15]} Nf6 {[%clk 0:01:45]} 41. Nc3
{[%clk 0:16:02]} Nd7 {[%clk 0:23:15]} 42. g4 {[%clk 0:41:22]} Kf7
{[%clk 0:15:12]} 43. Ne4 {[%clk 0:41:05]} Bf8 {[%clk 0:15:04]} 44. Bxh6
{[%clk 0:40:58]} Be7 {[%clk 0:14:53]} 45. Bg5 {[%clk 0:41:07]} Rc7
{[%clk 0:11:10]} 46. Kh3 {[%clk 0:39:59]} Nf8 {[%clk 0:09:22]} 47. h5
{[%clk 0:39:31]} Bxg5 {[%clk 0:09:07]} 48. Nxg5+ {[%clk 0:39:54]} Kf6
{[%clk 0:08:50]} 49. Kh4 {[%clk 0:39:39]} Nh7 {[%clk 0:08:56]} 50. Ne4+
{[%clk 0:39:48]} Ke7 {[%clk 0:08:43]} 51. hxg6 {[%clk 0:40:07]} Nf6
{[%clk 0:09:07]} 52. Kg5 {[%clk 0:40:25]} Nxe4+ {[%clk 0:09:14]} 53. fxe4
{[%clk 0:40:49]} 1-0

[Event "MSR_ch20"]
[Site "?"]
[Date "2024.04.06"]
[Round "2.9"]
[White "Kulich, Daniel"]
[Black "Skreko, Igor"]
[Result "0-1"]
[BlackElo "2165"]
[WhiteElo "1941"]
[LiveChessVersion "1.4.8"]

1. d4 {[%clk 1:30:58]} Nf6 {[%clk 1:30:38]} 2. c4 {[%clk 1:30:55]} g6
{[%clk 1:30:56]} 3. Nc3 {[%clk 1:31:15]} Bg7 {[%clk 1:31:20]} 4. e4
{[%clk 1:31:39]} d6 {[%clk 1:31:47]} 5. Nf3 {[%clk 1:32:00]} O-O {[%clk 1:32:11]}
6. Be2 {[%clk 1:32:26]} c5 {[%clk 1:28:50]} 7. O-O {[%clk 1:30:32]} cxd4
{[%clk 1:28:46]} 8. Nxd4 {[%clk 1:30:55]} Nc6 {[%clk 1:28:10]} 9. Be3
{[%clk 1:29:49]} Bd7 {[%clk 1:27:25]} 10. Rc1 {[%clk 1:27:14]} a6
{[%clk 1:25:59]} 11. f3 {[%clk 1:26:28]} Qa5 {[%clk 1:25:30]} 12. Qd2
{[%clk 1:26:17]} Nxd4 {[%clk 1:22:54]} 13. Bxd4 {[%clk 1:26:07]} b5
{[%clk 1:23:03]} 14. cxb5 {[%clk 1:08:54]} axb5 {[%clk 1:22:35]} 15. a3
{[%clk 1:08:58]} Rfb8 {[%clk 1:16:52]} 16. Nb1 {[%clk 1:06:28]} Qxd2
{[%clk 1:09:04]} 17. Nxd2 {[%clk 1:06:52]} Nxe4 {[%clk 1:09:26]} 18. Bxg7
{[%clk 1:05:06]} Nxd2 {[%clk 1:09:33]} 19. Rfd1 {[%clk 1:05:16]} Kxg7
{[%clk 1:08:20]} 20. Rxd2 {[%clk 1:05:37]} Kf6 {[%clk 1:02:40]} 21. Rd4
{[%clk 0:51:19]} Rc8 {[%clk 1:00:34]} 22. Rxc8 {[%clk 0:51:17]} Rxc8
{[%clk 1:00:58]} 23. Rb4 {[%clk 0:51:36]} Rc5 {[%clk 1:00:45]} 24. Kf2
{[%clk 0:51:49]} e5 {[%clk 0:59:58]} 25. Ke3 {[%clk 0:47:29]} Ke6
{[%clk 0:57:23]} 26. f4 {[%clk 0:44:13]} f5 {[%clk 0:55:53]} 27. fxe5
{[%clk 0:43:06]} dxe5 {[%clk 0:56:13]} 28. g3 {[%clk 0:43:14]} g5
{[%clk 0:54:41]} 29. h4 {[%clk 0:42:53]} h6 {[%clk 0:53:44]} 30. hxg5
{[%clk 0:42:18]} hxg5 {[%clk 0:54:12]} 31. Bd3 {[%clk 0:37:12]} e4
{[%clk 0:48:08]} 32. Bb1 {[%clk 0:34:45]} Ke5 {[%clk 0:45:05]} 33. Kd2
{[%clk 0:29:54]} Bc6 {[%clk 0:43:59]} 0-1

[Event "MSR_ch20"]
[Site "?"]
[Date "2024.04.06"]
[Round "2.10"]
[White "Beres, Tomas"]
[Black "Melih, Mario"]
[Result "0-1"]
[BlackElo "1990"]
[WhiteElo "2149"]
[LiveChessVersion "1.4.8"]

1. e4 {[%clk 1:30:49]} c5 {[%clk 1:30:45]} 2. Nf3 {[%clk 1:30:48]} d6
{[%clk 1:31:04]} 3. d4 {[%clk 1:30:54]} cxd4 {[%clk 1:31:27]} 4. Nxd4
{[%clk 1:31:19]} Nf6 {[%clk 1:31:50]} 5. Nc3 {[%clk 1:31:25]} g6 {[%clk 1:31:21]}
6. Bc4 {[%clk 1:28:42]} Bg7 {[%clk 1:31:06]} 7. Bb3 {[%clk 1:27:46]} Bd7
{[%clk 1:30:19]} 8. O-O {[%clk 1:27:23]} O-O {[%clk 1:30:04]} 9. Re1
{[%clk 1:27:17]} Nc6 {[%clk 1:29:58]} 10. Nf3 {[%clk 1:27:09]} Rc8
{[%clk 1:23:41]} 11. Nd5 {[%clk 1:26:51]} Bg4 {[%clk 1:16:24]} 12. h3
{[%clk 1:23:13]} Bxf3 {[%clk 1:16:46]} 13. Qxf3 {[%clk 1:23:31]} Nd4
{[%clk 1:14:08]} 14. Qd3 {[%clk 1:23:03]} Nd7 {[%clk 1:08:18]} 15. c3
{[%clk 1:14:43]} Nxb3 {[%clk 1:00:53]} 16. axb3 {[%clk 1:15:08]} a6
{[%clk 1:00:14]} 17. Bg5 {[%clk 1:14:08]} Re8 {[%clk 0:59:14]} 18. f4
{[%clk 1:09:40]} Nb6 {[%clk 0:55:28]} 19. Ne3 {[%clk 1:00:15]} Qc7
{[%clk 0:53:37]} 20. Kh1 {[%clk 0:55:36]} h6 {[%clk 0:50:33]} 21. Bh4
{[%clk 0:55:53]} d5 {[%clk 0:50:14]} 22. Nxd5 {[%clk 0:54:48]} Nxd5
{[%clk 0:50:36]} 23. exd5 {[%clk 0:55:09]} Qxf4 {[%clk 0:50:22]} 24. Bxe7
{[%clk 0:44:41]} Be5 {[%clk 0:48:24]} 25. g3 {[%clk 0:39:21]} Qxg3
{[%clk 0:48:47]} 26. Qxg3 {[%clk 0:39:46]} Bxg3 {[%clk 0:49:12]} 27. d6
{[%clk 0:39:14]} Bxe1 {[%clk 0:48:29]} 28. d7 {[%clk 0:35:52]} Bg3
{[%clk 0:47:30]} 29. Rd1 {[%clk 0:31:33]} Red8 {[%clk 0:41:31]} 30. dxc8=Q
{[%clk 0:31:04]} Rxc8 {[%clk 0:41:45]} 31. Bf6 {[%clk 0:31:00]} g5
{[%clk 0:35:15]} 32. Kg2 {[%clk 0:30:31]} Bf4 {[%clk 0:35:08]} 33. h4
{[%clk 0:25:36]} Rc6 {[%clk 0:29:05]} 34. Rd8+ {[%clk 0:23:29]} Kh7
{[%clk 0:28:45]} 35. Bd4 {[%clk 0:23:46]} Kg6 {[%clk 0:24:04]} 36. Kf3
{[%clk 0:21:36]} Rd6 {[%clk 0:19:26]} 37. Rg8+ {[%clk 0:20:18]} Kf5
{[%clk 0:19:40]} 38. Rg7 {[%clk 0:20:01]} Rd7 {[%clk 0:19:43]} 39. hxg5
{[%clk 0:17:13]} hxg5 {[%clk 0:19:10]} 40. Rh7 {[%clk 0:16:54]} Be5
{[%clk 0:17:06]} 41. Bxe5 {[%clk 0:11:32]} Kxe5 {[%clk 0:17:30]} 42. Rh8
{[%clk 0:11:18]} Kf5 {[%clk 0:16:44]} 43. Rc8 {[%clk 0:05:35]} g4+
{[%clk 0:13:53]} 44. Kg3 {[%clk 0:29:16]} Rd3+ {[%clk 0:36:19]} 45. Kf2
{[%clk 0:29:37]} Rd2+ {[%clk 0:36:33]} 46. Kg3 {[%clk 0:29:06]} Rxb2
{[%clk 0:36:31]} 47. b4 {[%clk 0:25:50]} Re2 {[%clk 0:30:07]} 48. Rc5+
{[%clk 0:25:30]} Re5 {[%clk 0:29:31]} 49. Rc7 {[%clk 0:25:55]} Re3+
{[%clk 0:28:37]} 50. Kf2 {[%clk 0:26:17]} Rf3+ {[%clk 0:27:07]} 51. Kg2
{[%clk 0:26:12]} Kg5 {[%clk 0:21:56]} 52. Rxb7 {[%clk 0:26:26]} f5
{[%clk 0:22:21]} 53. c4 {[%clk 0:23:11]} Rc3 {[%clk 0:22:30]} 54. c5
{[%clk 0:23:34]} Rc2+ {[%clk 0:22:19]} 55. Kf1 {[%clk 0:23:06]} f4
{[%clk 0:22:03]} 56. Rf7 {[%clk 0:12:01]} g3 {[%clk 0:14:26]} 57. Rg7+
{[%clk 0:11:30]} Kh4 {[%clk 0:12:54]} 58. Rg8 {[%clk 0:09:45]} f3
{[%clk 0:10:18]} 59. Rh8+ {[%clk 0:09:45]} Kg4 {[%clk 0:10:36]} 60. Rg8+
{[%clk 0:10:04]} Kf4 {[%clk 0:10:57]} 0-1